A short history of the saracens (Record no. 244333)
[ view plain ]
| 000 -LEADER | |
|---|---|
| fixed length control field | 00209 a2200097 4500 |
| 001 - CONTROL NUMBER | |
| control field | 9260 |
| 090 ## - LOCALLY ASSIGNED LC-TYPE CALL NUMBER (OCLC); LOCAL CALL NUMBER (RLIN) | |
| -- | 7429 |
| -- | 7429 |
| 100 ## - MAIN ENTRY--PERSONAL NAME | |
| Personal name | Ali, S.A. |
| 245 ## - TITLE STATEMENT | |
| Title | A short history of the saracens |
| 260 ## - PUBLICATION, DISTRIBUTION, ETC. | |
| Place of publication, distribution, etc. | |
| Name of publisher, distributor, etc. | Macmillan |
| Date of publication, distribution, etc. | |
| 942 ## - ADDED ENTRY ELEMENTS (KOHA) | |
| Institution code [OBSOLETE] | NUST-CAE |
| Koha item type | |
| -- | |
| Withdrawn status | Lost status | Damaged status | Not for loan | Collection code | Permanent Location | Current Location | Date acquired | Total Checkouts | Barcode | Date last seen | Price effective from | Koha item type | Source of classification or shelving scheme | Full call number |
|---|---|---|---|---|---|---|---|---|---|---|---|---|---|---|
| College of Aeronautical Engineering (CAE) | College of Aeronautical Engineering (CAE) | 04/03/2017 | CAE8268 | 04/05/2017 | 04/05/2017 | Book | ||||||||
| School of Civil and Environmental Engineering (SCEE) | School of Civil and Environmental Engineering (SCEE) | 05/23/2017 | NIT-8699 | 05/23/2017 | 05/23/2017 | 909.097671 AME |
